<?xml version="1.0" encoding="UTF-8"?>
<record
    xmlns:xsi="http://www.w3.org/2001/XMLSchema-instance"
    xsi:schemaLocation="http://www.loc.gov/MARC21/slim http://www.loc.gov/standards/marcxml/schema/MARC21slim.xsd"
    xmlns="http://www.loc.gov/MARC21/slim">

  <leader>00688nam a22001577a 4500</leader>
  <controlfield tag="003">OSt</controlfield>
  <controlfield tag="005">20151104090031.0</controlfield>
  <controlfield tag="008">151104b        xxu||||| |||| 00| 0 eng d</controlfield>
  <datafield tag="040" ind1=" " ind2=" ">
    <subfield code="c">RUA</subfield>
  </datafield>
  <datafield tag="082" ind1=" " ind2=" ">
    <subfield code="a">FOR CHU 1996 B122 Or.1</subfield>
  </datafield>
  <datafield tag="100" ind1=" " ind2=" ">
    <subfield code="9">3305</subfield>
    <subfield code="a">CHUM, KHENG.</subfield>
  </datafield>
  <datafield tag="245" ind1=" " ind2=" ">
    <subfield code="a">The study of the axialeroad project establishment into sub-area i of colexime interprise forest concession (&#x179F;&#x17B7;&#x1780;&#x17D2;&#x179F;&#x17B6;&#x1782;&#x17C6;&#x179A;&#x17C4;&#x1784;&#x179F;&#x17D2;&#x1790;&#x17B6;&#x1794;&#x1793;&#x17B6;&#x1795;&#x17D2;&#x179B;&#x179C;&#x17A2;&#x17B6;&#x179F;&#x17B8;&#x17BB;&#x1799;&#x17C9;&#x17B6;&#x179B;&#x17CB;&#x1785;&#x17BC;&#x179B;&#x17A2;&#x1793;&#x17BB;&#x178F;&#x17C6;&#x1794;&#x1793;&#x17CB;&#x17E1;&#x1793;&#x17C3;&#x1796;&#x17D2;&#x179A;&#x17C3;&#x179F;&#x1798;&#x17D2;&#x1794;&#x1791;&#x17B6;&#x1793;&#x179F;&#x17A0;&#x1782;&#x17D2;&#x179A;&#x17B6;&#x179F;&#x1780;&#x17BC;&#x17A1;&#x17B7;&#x1785;&#x179F;&#x17B8;&#x17BB;&#x1798;)</subfield>
  </datafield>
  <datafield tag="260" ind1=" " ind2=" ">
    <subfield code="a">Phnom Penh</subfield>
    <subfield code="b">RUA</subfield>
    <subfield code="c">1996</subfield>
  </datafield>
  <datafield tag="300" ind1=" " ind2=" ">
    <subfield code="a">129p.</subfield>
    <subfield code="b">ill.</subfield>
    <subfield code="c">29cm.</subfield>
  </datafield>
  <datafield tag="942" ind1=" " ind2=" ">
    <subfield code="2">ddc</subfield>
    <subfield code="c">FOR</subfield>
  </datafield>
  <datafield tag="999" ind1=" " ind2=" ">
    <subfield code="c">3084</subfield>
    <subfield code="d">3084</subfield>
  </datafield>
  <datafield tag="952" ind1=" " ind2=" ">
    <subfield code="0">0</subfield>
    <subfield code="1">0</subfield>
    <subfield code="2">ddc</subfield>
    <subfield code="4">0</subfield>
    <subfield code="6">FOR_CHU_1996_000000000000000_B122_OR_1</subfield>
    <subfield code="7">0</subfield>
    <subfield code="9">14591</subfield>
    <subfield code="a">LBB</subfield>
    <subfield code="b">LBB</subfield>
    <subfield code="c">B122</subfield>
    <subfield code="d">2015-11-04</subfield>
    <subfield code="o">FOR CHU 1996 B122 Or.1</subfield>
    <subfield code="p">RUA028749</subfield>
    <subfield code="r">2015-11-04</subfield>
    <subfield code="w">2015-11-04</subfield>
    <subfield code="y">FOR</subfield>
  </datafield>
  <datafield tag="952" ind1=" " ind2=" ">
    <subfield code="0">0</subfield>
    <subfield code="1">0</subfield>
    <subfield code="2">ddc</subfield>
    <subfield code="4">0</subfield>
    <subfield code="6">FOR_CHU_1996_000000000000000_B122_OR_2</subfield>
    <subfield code="7">0</subfield>
    <subfield code="9">14592</subfield>
    <subfield code="a">LBB</subfield>
    <subfield code="b">LBB</subfield>
    <subfield code="c">B122</subfield>
    <subfield code="d">2015-11-04</subfield>
    <subfield code="o">FOR CHU 1996 B122 Or.2</subfield>
    <subfield code="p">RUA028755</subfield>
    <subfield code="r">2015-11-04</subfield>
    <subfield code="w">2015-11-04</subfield>
    <subfield code="y">FOR</subfield>
  </datafield>
  <datafield tag="952" ind1=" " ind2=" ">
    <subfield code="0">0</subfield>
    <subfield code="1">0</subfield>
    <subfield code="2">ddc</subfield>
    <subfield code="4">0</subfield>
    <subfield code="6">FOR_CHU_1996_000000000000000_B122_OR_3</subfield>
    <subfield code="7">0</subfield>
    <subfield code="9">14593</subfield>
    <subfield code="a">LBB</subfield>
    <subfield code="b">LBB</subfield>
    <subfield code="c">B122</subfield>
    <subfield code="d">2015-11-04</subfield>
    <subfield code="o">FOR CHU 1996 B122 Or.3</subfield>
    <subfield code="p">RUA028827</subfield>
    <subfield code="r">2015-11-04</subfield>
    <subfield code="w">2015-11-04</subfield>
    <subfield code="y">FOR</subfield>
  </datafield>
</record>
